Complete additional mathematics for Cambridge IGCSE & O level / (Record no. 2173)
[ view plain ]
| 000 -LEADER | |
|---|---|
| fixed length control field | 01301cam a2200337 i 4500 |
| 001 - CONTROL NUMBER | |
| control field | 19814647 |
| 003 - CONTROL NUMBER IDENTIFIER | |
| control field | OSt |
| 005 - DATE AND TIME OF LATEST TRANSACTION | |
| control field | 20241025115331.0 |
| 008 - FIXED-LENGTH DATA ELEMENTS--GENERAL INFORMATION | |
| fixed length control field | 170721s2017 enka 001 0 eng |
| 010 ## - LIBRARY OF CONGRESS CONTROL NUMBER | |
| LC control number | 2017288599 |
| 020 ## - INTERNATIONAL STANDARD BOOK NUMBER | |
| International Standard Book Number | 9780198376705 (pbk.) |
| 040 ## - CATALOGING SOURCE | |
| Original cataloging agency | DLC |
| Language of cataloging | eng |
| Transcribing agency | DLC |
| Description conventions | rda |
| Modifying agency | KH8 |
| 042 ## - AUTHENTICATION CODE | |
| Authentication code | pcc |
| 082 ## - DEWEY DECIMAL CLASSIFICATION NUMBER | |
| Classification number | 510 BEA |
| 100 1# - MAIN ENTRY--PERSONAL NAME | |
| Personal name | Beadsworth, Tony, |
| Relator term | author. |
| 245 10 - TITLE STATEMENT | |
| Title | Complete additional mathematics for Cambridge IGCSE & O level / |
| Statement of responsibility, etc. | Tony Beadsworth. |
| 246 3# - VARYING FORM OF TITLE | |
| Title proper/short title | Complete additional mathematics for Cambridge International Graduate Certificate of Seconday Education & O level |
| 264 #1 - PRODUCTION, PUBLICATION, DISTRIBUTION, MANUFACTURE, AND COPYRIGHT NOTICE | |
| Place of production, publication, distribution, manufacture | Oxford : |
| Name of producer, publisher, distributor, manufacturer | Oxford University Press, |
| Date of production, publication, distribution, manufacture, or copyright notice | [2017] |
| 300 ## - PHYSICAL DESCRIPTION | |
| Extent | xi, 501 pages : |
| Other physical details | illustrations (some color) ; |
| Dimensions | 25 cm |
| 336 ## - CONTENT TYPE | |
| Content type term | text |
| Source | rdacontent |
| 337 ## - MEDIA TYPE | |
| Media type term | unmediated |
| Source | rdamedia |
| 338 ## - CARRIER TYPE | |
| Carrier type term | volume |
| Source | rdacarrier |
| 500 ## - GENERAL NOTE | |
| General note | "For the updated syllabus." |
| 500 ## - GENERAL NOTE | |
| General note | Includes index. |
| 650 #0 - SUBJECT ADDED ENTRY--TOPICAL TERM | |
| Topical term or geographic name entry element | Mathematics |
| Form subdivision | Examinations, questions, etc. |
| -- | Study guides. |
| 650 #0 - SUBJECT ADDED ENTRY--TOPICAL TERM | |
| Topical term or geographic name entry element | International General Certificate of Secondary Education |
| Form subdivision | Study guides. |
| 650 #0 - SUBJECT ADDED ENTRY--TOPICAL TERM | |
| Topical term or geographic name entry element | Mathematics |
| General subdivision | Study and teaching (Secondary) |
| 906 ## - LOCAL DATA ELEMENT F, LDF (RLIN) | |
| a | 7 |
| b | cbc |
| c | origres |
| d | 2 |
| e | ncip |
| f | 20 |
| g | y-gencatlg |
| 942 ## - ADDED ENTRY ELEMENTS (KOHA) | |
| Source of classification or shelving scheme | |
| Koha item type | Teaching Resources |
| Withdrawn status | Lost status | Source of classification or shelving scheme | Damaged status | Not for loan | Collection code | Permanent Location | Current Location | Shelving location | Date acquired | Total Checkouts | Full call number | Barcode | Date last seen | Date last checked out | Price effective from | Koha item type | Date due |
|---|---|---|---|---|---|---|---|---|---|---|---|---|---|---|---|---|---|
| Teaching Resources | KH8 Senior School Library | KH8 Senior School Library | Staff Office | 2023-03-21 | 1 | 510 BEA | TRKHSL000491 | 2024-12-13 | 2024-11-21 | 2023-03-21 | Teaching Resources | ||||||
| Teaching Resources | KH8 Senior School Library | KH8 Senior School Library | Staff Office | 2023-03-21 | 1 | 510 BEA | TRKHSL000492 | 2025-06-23 | 2024-11-21 | 2023-03-21 | Teaching Resources | ||||||
| Teaching Resources | KH8 Senior School Library | KH8 Senior School Library | Staff Office | 2023-03-21 | 1 | 510 BEA | TRKHSL000493 | 2025-05-20 | 2024-11-21 | 2023-03-21 | Teaching Resources | ||||||
| Teaching Resources | KH8 Senior School Library | KH8 Senior School Library | Staff Office | 2023-03-21 | 1 | 510 BEA | TRKHSL000494 | 2025-05-26 | 2024-11-21 | 2023-03-21 | Teaching Resources | ||||||
| Teaching Resources | KH8 Senior School Library | KH8 Senior School Library | Staff Office | 2023-03-21 | 1 | 510 BEA | TRKHSL000495 | 2024-11-21 | 2024-11-21 | 2023-03-21 | Teaching Resources | 2025-07-04 | |||||
| Teaching Resources | KH8 Senior School Library | KH8 Senior School Library | Staff Office | 2023-03-21 | 2 | 510 BEA | TRKHSL000496 | 2025-05-13 | 2025-05-13 | 2023-03-21 | Teaching Resources | ||||||
| Teaching Resources | KH8 Senior School Library | KH8 Senior School Library | Staff Office | 2023-03-21 | 1 | 510 BEA | TRKHSL000497 | 2025-05-26 | 2024-11-21 | 2023-03-21 | Teaching Resources | ||||||
| Teaching Resources | KH8 Senior School Library | KH8 Senior School Library | Staff Office | 2023-03-21 | 1 | 510 BEA | TRKHSL000498 | 2024-11-21 | 2024-11-21 | 2023-03-21 | Teaching Resources | 2025-07-04 | |||||
| Teaching Resources | KH8 Senior School Library | KH8 Senior School Library | Staff Office | 2023-03-21 | 1 | 510 BEA | TRKHSL000499 | 2025-06-26 | 2024-11-21 | 2023-03-21 | Teaching Resources | ||||||
| Teaching Resources | KH8 Senior School Library | KH8 Senior School Library | Staff Office | 2023-03-21 | 1 | 510 BEA | TRKHSL000500 | 2024-11-21 | 2024-11-21 | 2023-03-21 | Teaching Resources | 2025-07-04 | |||||
| Teaching Resources | KH8 Senior School Library | KH8 Senior School Library | Staff Office | 2024-10-25 | 1 | 510 BEA | TRKHSL005793 | 2024-10-25 | 2024-10-25 | 2024-10-25 | Teaching Resources | 2025-07-04 | |||||
| Teaching Resources | KH8 Senior School Library | KH8 Senior School Library | Staff Office | 2024-10-25 | 1 | 510 BEA | TRKHSL005803 | 2025-06-23 | 2024-11-21 | 2024-10-25 | Teaching Resources | ||||||
| Teaching Resources | KH8 Senior School Library | KH8 Senior School Library | Staff Office | 2024-10-25 | 1 | 510 BEA | TRKHSL005804 | 2025-06-20 | 2024-11-21 | 2024-10-25 | Teaching Resources | ||||||
| Teaching Resources | KH8 Senior School Library | KH8 Senior School Library | Staff Office | 2024-10-25 | 1 | 510 BEA | TRKHSL005840 | 2024-11-21 | 2024-11-21 | 2024-10-25 | Teaching Resources | 2025-07-04 |